| 000 | 01133cam a2200313 a 4500 | ||
|---|---|---|---|
| 001 | 3087737 | ||
| 003 | OSt | ||
| 005 | 20161112020003.0 | ||
| 008 | 980401s1998 waua 001 0 eng | ||
| 010 | _a 98018207 | ||
| 020 | _a1572318678 (pbk.) | ||
| 040 |
_aDLC _cDLC _dDLC |
||
| 050 | 0 | 0 |
_aTK5105.8885 _bM53 1998 |
| 082 | 0 | 0 |
_a005.2/76 _221 |
| 245 | 0 | 0 | _aMicrosoft Visual InterDev 6.0 programmer's guide. |
| 246 | 3 | 0 | _aVisual InterDev 6.0 programmer's guide |
| 246 | 3 | _aMicrosoft Visual InteDev six point zero programmer's guide | |
| 246 | 3 | _aVisual InterDev six point zero programmer's guide | |
| 260 |
_aRedmond, Wash. : _bMicrosoft Press, _cc1998. |
||
| 300 |
_axxii, 480 p. : _bill. ; _c23 cm. |
||
| 500 | _aIncludes index. | ||
| 630 | 0 | 0 |
_aMicrosoft Visual InterDev. _925831 |
| 650 | 0 |
_aWeb sites _xDesign. _925832 |
|
| 710 | 2 |
_aMicrosoft Press. _925833 |
|
| 906 |
_a7 _bcbc _corignew _d1 _eocip _f19 _gy-gencatlg |
||
| 942 |
_2lcc _cBK _02 |
||
| 999 |
_c58781 _d58755 |
||